000 01215nam a22003497a 4500
003 CHAP
005 20220329134020.0
008 971013s1975 r 00010 d
010 _a14123
011 _a15095
035 _a19169
040 _cCHAP
090 _aTesis
100 0 0 _aBeltrán Ureta, Rosario Antonio.
_911473
245 _aEfecto de la bentonita, cera parafina y cloruro de sodio sobre la producción de escurrimiento de un suelo migajón arcilloso, utilizando dos grados de pendiente
260 _aMonterrey, N. L. :
_bEl autor,
_c1975
300 _a64 h.
502 _aTesis (Ing. Agr. Fitotecnista) -- ITESM. División de Ciencias Agropecuarias y Marítimas
590 _aALEPH
_b10
_c20130110
_lUCH01
_h1235
590 _aBATCH-UPD
_b10
_c20130110
_lUCH01
_h1854
590 _aBATCH-UPD
_b10
_c20130410
_lUCH01
_h1223
590 _aBATCH-UPD
_b10
_c20130914
_lUCH01
_h0602
590 _aCONVERSION
_b10
_c20130109
_lUCH01
_h1309
650 1 4 _aBentonita.
_911707
650 1 4 _aEscurrimiento.
_937675
650 1 4 _aParafina.
_985448
650 1 4 _aSuelos arcillosos.
_9110534
650 1 4 _aSuelos salinos.
_9110558
901 _aBK
942 _cTESIS
949 _bBC
_cTES
_d-44402
_eTS1
_i19169
_si
999 _c14123
_d14123